| 000 | 00360 a2200109 4500 | ||
|---|---|---|---|
| 001 | ART_20150 | ||
| 005 | 20260410161625.0 | ||
| 008 | 260409a | ||
| 245 | 1 | 0 | _aLa calificación de riesgo y los agentes de calificación de riesgo (ACR) en la nueva regulación |
| 100 | 1 | _aElespe, Douglas | |
| 773 | 0 |
_tEnfoques _g- Nº 10 (oct. 2013) _wREV416 |
|
| 999 |
_c11899 _d11899 |
||